00558pab a2200169 454500008004000000100002000040245009800060260000900158300001700167362000800184650002400192773003400216908000600250909001000256999001700266952010500283180718b2011 xxu||||| |||| 00| 0 eng d aHovsepian, Mary aDesecularization of the Palestinian imagination? Reflections of nationness and fragmentration c2011 ap.1379-1394. aOct aFreedom of movement aAmerican Behavioral Scientist aN a93652 c93652d93652 00104070aIIPAbIIPAd2018-07-19hVolume no: 55, Issue no: 10pAR94112r2018-07-19w2018-07-19yAR